[Event "106th YMCA Spring B"]
[Site "Warszawa"]
[Date "2012.05.10"]
[Round "5"]
[White "Sokolowski, Marek"]
[Black "Winiarski, Mikolaj"]
[Result "0-1"]
[WhiteElo "1933"]
[BlackElo "1873"]
[PlyCount "78"]
[EventDate "2012.04.12"]
[EventType "tourn"]
[EventRounds "1"]
[EventCountry "POL"]
[SourceDate "2012.04.11"]

1. e4 Nf6 2. e5 Nd5 3. d4 d6 4. c4 Nb6 5. exd6 cxd6 6. Bd3 g6 7. Be3 Bg7 8. Ne2
O-O 9. Qd2 Nc6 10. Na3 e5 11. d5 Ne7 12. f3 Bf5 13. Rb1 Bxd3 14. Qxd3 f5 15.
O-O h6 16. Qd2 g5 17. Qb4 Rf6 18. Nb5 Nbc8 19. Nxa7 Nxa7 20. Qxb7 Rf7 21. Bxa7
Ng6 22. Bb6 Rxb7 23. Bxd8 Rxd8 24. b4 Ra7 25. Rb2 Rda8 26. Nc1 Rc8 27. Rc2 Rac7
28. c5 dxc5 29. d6 Rd7 30. Rxc5 Rcd8 31. Rd1 Rxd6 32. Rxd6 Rxd6 33. b5 e4 34.
Nb3 e3 35. Kf1 Nf4 36. Rc1 e2+ 37. Kf2 Rd1 38. Rc8+ Kh7 39. Re8 Rf1+ 0-1

[Event "106th YMCA Spring B"]
[Site "Warszawa"]
[Date "2012.05.09"]
[Round "5"]
[White "Lasota, Adam"]
[Black "Sujkowski, Pawel"]
[Result "1/2-1/2"]
[WhiteElo "1875"]
[BlackElo "1988"]
[Annotator "M"]
[PlyCount "40"]
[EventDate "2012.04.12"]
[EventType "tourn"]
[EventRounds "1"]
[EventCountry "POL"]
[SourceDate "2012.04.11"]

1. d4 d5 2. Bf4 Nf6 3. e3 e6 4. Nf3 c5 5. c3 Nc6 6. Nbd2 Be7 7. Bd3 Nh5 8. Bg3
Nxg3 9. hxg3 h6 10. Ne5 cxd4 11. exd4 Nxe5 12. dxe5 Qc7 13. Nf3 Bd7 14. Qe2
O-O-O 15. O-O f6 16. a4 h5 17. c4 Kb8 18. cxd5 exd5 19. e6 Bc8 20. Rfe1 Rd6 $11
1/2-1/2

[Event "106th YMCA Spring B"]
[Site "Warszawa"]
[Date "2012.05.15"]
[Round "6"]
[White "Szymczak, Rafal"]
[Black "Sujkowski, Pawel"]
[Result "1-0"]
[WhiteElo "2038"]
[BlackElo "1988"]
[PlyCount "89"]
[EventDate "2012.04.12"]
[EventType "tourn"]
[EventRounds "1"]
[EventCountry "POL"]
[SourceDate "2012.04.11"]

1. f4 d5 2. Nf3 Bg4 3. Ne5 Bf5 4. c4 c6 5. cxd5 cxd5 6. Qa4+ Nd7 7. Nc3 Ngf6 8.
d3 a6 9. e4 b5 10. Qd4 dxe4 11. dxe4 Nxe5 12. Qxe5 Bd7 13. Be2 e6 14. Be3 Be7
15. a3 O-O 16. O-O Bc6 17. Rad1 Qc8 18. Bf3 Qb7 19. f5 exf5 20. Qxf5 Rad8 21.
Rxd8 Bxd8 22. e5 Nd5 23. Nxd5 Bxd5 24. e6 Bxf3 25. Rxf3 Bb6 26. exf7+ Kh8 27.
Qe6 Bxe3+ 28. Rxe3 Qc7 29. h4 h6 30. Rf3 Qc5+ 31. Kh2 Qh5 32. Qe7 Kh7 33. Qxf8
Qxh4+ 34. Kg1 Qd4+ 35. Rf2 Qd1+ 36. Kh2 Qh5+ 37. Kg3 Qg6+ 38. Kf4 Qf6+ 39. Ke3
Qe5+ 40. Kd3 Qd5+ 41. Kc2 Qe4+ 42. Kc3 Qc4+ 43. Kd2 Qd4+ 44. Kc1 Qc5+ 45. Qxc5
1-0

[Event "106th YMCA Spring B"]
[Site "Warszawa"]
[Date "2012.05.17"]
[Round "6"]
[White "Winiarski, Mikolaj"]
[Black "Lasota, Adam"]
[Result "0-1"]
[WhiteElo "1873"]
[BlackElo "1875"]
[PlyCount "144"]
[EventDate "2012.04.12"]
[EventType "tourn"]
[EventRounds "1"]
[EventCountry "POL"]
[SourceDate "2012.04.11"]

1. d4 Nf6 2. c4 g6 3. Nc3 d5 4. e3 Bg7 5. Nf3 O-O 6. Bd3 c5 7. dxc5 dxc4 8.
Bxc4 Qxd1+ 9. Kxd1 Nc6 10. Ke2 Bg4 11. Bd2 Ne5 12. Bb5 a6 13. Ba4 Nc4 14. Bb3
Nxd2 15. Kxd2 Rac8 16. Na4 Ne4+ 17. Ke2 Nxc5 18. Nxc5 Rxc5 19. Rhc1 Rfc8 20.
Rxc5 Rxc5 21. Rb1 h6 22. e4 Kf8 23. h3 Bd7 24. Ke3 h5 25. Ne1 Rc7 26. f4 f5 27.
e5 Bc6 28. h4 Ke8 29. Nf3 Bxf3 30. gxf3 Rc6 31. Rg1 Kf8 32. Bd5 Rb6 33. Rc1 e6
34. Rc8+ Kf7 35. Rc7+ Kg8 36. Bxb7 Bf8 37. b3 Bb4 38. Ke2 Kf8 39. Bc8 a5 40.
Bd7 Be7 41. Rc8+ Kg7 42. Ra8 Bxh4 43. Rxa5 Bg3 44. Ra4 h4 45. Rd4 h3 46. Kf1 g5
47. b4 Bxf4 48. Rxf4 gxf4 49. b5 Rb7 50. Bc6 Ra7 51. Kg1 Rxa2 52. Bd7 Kf7 53.
Bc6 Rb2 54. Bd7 Kg6 55. Bxe6 Rxb5 56. Kh2 Rxe5 57. Bc4 Rc5 58. Bb3 Rc1 59. Bd5
Kf6 60. Kxh3 Rg1 61. Bb7 Ke5 62. Kh2 Rg3 63. Bc6 Kd4 64. Bd7 Rg5 65. Kh3 Rg3+
66. Kh4 Rxf3 67. Bxf5 Rg3 68. Bc8 Ke3 69. Bb7 Rg7 70. Ba6 f3 71. Kh3 Kf2 72.
Bb5 Kg1 0-1

[Event "106th YMCA Spring B"]
[Site "Warszawa"]
[Date "2012.05.17"]
[Round "6"]
[White "Rzepecka, Dorota"]
[Black "Sokolowski, Marek"]
[Result "1/2-1/2"]
[WhiteElo "1892"]
[BlackElo "1933"]
[Annotator "M"]
[PlyCount "74"]
[EventDate "2012.04.12"]
[EventType "tourn"]
[EventRounds "1"]
[EventCountry "POL"]
[SourceDate "2012.04.11"]

1. e4 c5 2. c3 d5 3. exd5 Qxd5 4. d4 Nf6 5. Nf3 Bg4 6. Be2 e6 7. O-O Nc6 8. Be3
cxd4 9. cxd4 Bd6 10. Nc3 Qa5 11. Ng5 Bxe2 12. Qxe2 O-O 13. Rad1 Rfd8 14. Rfe1
Rac8 15. Qf3 h6 16. Nge4 Nxe4 17. Nxe4 Be7 18. Qg3 Kf8 19. a3 Nxd4 20. Bd2 Qh5
21. Qe3 Nc2 22. Qxa7 Nxe1 23. Rxe1 Qd5 24. Bc3 Rc4 25. Qe3 Qd3 26. Qf4 Bg5 27.
Qe5 f6 28. Qa5 Rd5 29. Qa8+ Kf7 30. Qxb7+ Rd7 31. Nxg5+ hxg5 32. Qb6 Re4 33.
Rxe4 Qxe4 34. h3 Qf4 35. Qb3 Qc1+ 36. Kh2 Qf4+ 37. Kg1 Qc1+ $11 1/2-1/2

[Event "106th YMCA Spring B"]
[Site "Warszawa"]
[Date "2012.04.27"]
[Round "6"]
[White "Rusin, Ryszard"]
[Black "Pettersson, Alexander"]
[Result "1-0"]
[WhiteElo "1897"]
[BlackElo "1975"]
[PlyCount "55"]
[EventDate "2012.04.12"]
[EventType "tourn"]
[EventRounds "1"]
[EventCountry "POL"]
[SourceDate "2012.04.11"]

1. d4 Nf6 2. c4 e6 3. Nc3 Bb4 4. Nf3 b6 5. Bg5 Bb7 6. e3 O-O 7. Be2 Bxc3+ 8.
bxc3 d6 9. O-O Nbd7 10. Nd2 c5 11. Bf3 Qc7 12. Bxb7 Qxb7 13. h3 Rac8 14. Rc1
Rfe8 15. Qe2 Qa6 16. Rfe1 Qxa2 17. Ra1 Qb2 18. Qd3 e5 19. Bxf6 Nxf6 20. Reb1 e4
21. Nxe4 Qxb1+ 22. Qxb1 Nxe4 23. Rxa7 Nxc3 24. Qf5 Rf8 25. Rxf7 cxd4 26. exd4
Rfd8 27. Re7 Rf8 28. Qd7 1-0

[Event "106th YMCA Spring B"]
[Site "Warszawa"]
[Date "2012.05.17"]
[Round "6"]
[White "Litwiniec, Miroslawa"]
[Black "Rozycki, Bartlomiej"]
[Result "0-1"]
[WhiteElo "1863"]
[BlackElo "1849"]
[PlyCount "48"]
[EventDate "2012.04.12"]
[EventType "tourn"]
[EventRounds "1"]
[EventCountry "POL"]
[SourceDate "2012.04.11"]

1. e4 e5 2. Nf3 Nc6 3. Bc4 Nf6 4. Nc3 Nxe4 5. Bxf7+ Kxf7 6. Nxe4 d5 7. Neg5+
Kg8 8. d4 h6 9. Nh3 Bg4 10. Qd2 Bxf3 11. gxf3 Nxd4 12. Qd3 Qf6 13. O-O Qxf3 14.
Qxf3 Nxf3+ 15. Kg2 Nh4+ 16. Kg3 g5 17. f3 Bc5 18. Nf2 Bd6 19. Nh3 Rf8 20. Bd2
e4+ 21. f4 Nf3 22. Rad1 Kh7 23. Bc3 gxf4+ 24. Kf2 d4 0-1

[Event "106th YMCA Spring B"]
[Site "Warszawa"]
[Date "2012.05.23"]
[Round "7"]
[White "Rozycki, Bartlomiej"]
[Black "Szymczak, Rafal"]
[Result "1/2-1/2"]
[WhiteElo "1849"]
[BlackElo "2038"]
[Annotator "M"]
[PlyCount "112"]
[EventDate "2012.04.12"]
[EventType "tourn"]
[EventRounds "1"]
[EventCountry "POL"]
[SourceDate "2012.04.11"]

1. e4 c6 2. d4 d5 3. Nc3 dxe4 4. Nxe4 Bf5 5. Ng3 Bg6 6. h4 h6 7. Bc4 e6 8. N1e2
Nf6 9. Nf4 Bh7 10. Ngh5 Nxh5 11. Nxh5 Nd7 12. c3 Nf6 13. Bf4 Nxh5 14. Qxh5 Bd6
15. Be5 Bxe5 16. dxe5 Qe7 $11 17. O-O-O Rd8 18. Rxd8+ Kxd8 19. Qg4 Qf8 20. Qd4+
Kc7 21. Qxa7 Qa8 22. Qxa8 Rxa8 23. Bb3 Bf5 24. g4 Bxg4 25. Rg1 h5 26. f3 Bxf3
27. Rxg7 Bg4 28. Rxf7+ Kb6 29. Rf6 Ra5 30. Bxe6 Rxe5 31. Bxg4 hxg4 32. Rg6 Re4
33. h5 Re1+ 34. Kd2 Rh1 35. Rg5 g3 36. a4 g2 37. Rxg2 Rxh5 38. b4 Rh3 39. Re2
Rh6 40. Re5 Rh2+ 41. Kd3 Ra2 42. a5+ Ka6 43. Kc4 Rh2 44. Kc5 Rc2 45. c4 Rc1 46.
Re8 Ka7 47. Rc8 Ra1 48. Re8 Ra2 49. Re3 Ka6 50. Rb3 Ra1 51. Kd6 Rc1 52. Kc5 Ra1
53. Rg3 Ra2 54. Rg6 Ka7 55. b5 cxb5 56. Kxb5 Rb2+ 1/2-1/2

[Event "106th YMCA Spring B"]
[Site "Warszawa"]
[Date "2012.04.20"]
[Round "7"]
[White "Pettersson, Alexander"]
[Black "Litwiniec, Miroslawa"]
[Result "1-0"]
[WhiteElo "1975"]
[BlackElo "1863"]
[PlyCount "55"]
[EventDate "2012.04.12"]
[EventType "tourn"]
[EventRounds "1"]
[EventCountry "POL"]
[SourceDate "2012.04.11"]

1. d4 d5 2. Nf3 c6 3. c4 Nf6 4. e3 Bf5 5. cxd5 Nxd5 6. Nc3 e6 7. Bc4 Bg4 8. O-O
Bd6 9. e4 Ne7 10. Be3 O-O 11. Be2 Nd7 12. Ng5 Bxe2 13. Qxe2 Ng6 14. e5 Be7 15.
Nce4 Nb6 16. Qh5 Bxg5 17. Nxg5 Re8 18. Qxh7+ Kf8 19. Rad1 Nd5 20. Bc1 Qd7 21.
b3 b5 22. Rd3 Nge7 23. Qh8+ Ng8 24. Nh7+ Ke7 25. Bg5+ f6 26. Qxg7+ Kd8 27.
Qxd7+ Kxd7 28. exf6 1-0

[Event "106th YMCA Spring B"]
[Site "Warszawa"]
[Date "2012.05.18"]
[Round "7"]
[White "Sokolowski, Marek"]
[Black "Parol, Pawel"]
[Result "0-1"]
[WhiteElo "1933"]
[BlackElo "1951"]
[PlyCount "142"]
[EventDate "2012.04.12"]
[EventType "tourn"]
[EventRounds "1"]
[EventCountry "POL"]
[SourceDate "2012.04.11"]

1. e4 e6 2. d4 d5 3. Nd2 c5 4. exd5 Qxd5 5. Ngf3 cxd4 6. Bc4 Qd6 7. Nb3 Nc6 8.
O-O Nf6 9. Nbxd4 Nxd4 10. Qxd4 Qxd4 11. Nxd4 Bd7 12. Bf4 Rc8 13. Bb3 Bc5 14.
Rad1 O-O 15. c3 Rfd8 16. h3 Be8 17. Nc2 Ne4 18. Be3 Bxe3 19. Nxe3 Nd2 20. Rfe1
Nxb3 21. axb3 Bb5 22. c4 Bc6 23. f3 f6 24. Kf2 Kf7 25. Ke2 Ke7 26. Rxd8 Rxd8
27. Ra1 a6 28. b4 Be8 29. b3 Rd6 30. Rd1 Rb6 31. Nc2 Bg6 32. Kd2 Bxc2 33. Kxc2
Rxb4 34. Kc3 Rb6 35. Re1 Rc6 36. Kb4 Kd7 37. Re2 Rd6 38. Ka5 Rd3 39. b4 Kc7 40.
b5 e5 41. bxa6 Ra3+ 42. Kb4 Rxa6 43. Kb5 Rd6 44. Kc5 Rd1 45. f4 exf4 46. Re7+
Rd7 47. Re4 g5 48. Re6 Rf7 49. Kd5 h5 50. h4 gxh4 51. Ke4 Rg7 52. Rxf6 Rxg2 53.
Rf5 h3 54. Rxh5 h2 55. Kxf4 Kc6 56. Kf3 Rc2 57. Ke3 Kd6 58. Kd3 Ra2 59. Ke4 Rb2
60. Kf3 Rc2 61. Ke3 Ke6 62. Kf3 Kf6 63. Kg3 Kg6 64. Rxh2 Rxh2 65. Kxh2 Kf5 66.
c5 Ke5 67. c6 bxc6 68. Kg2 Kd4 69. Kf2 Kd3 70. Ke1 Kc2 71. Ke2 c5 0-1

[Event "106th YMCA Spring B"]
[Site "Warszawa"]
[Date "2012.06.06"]
[Round "7"]
[White "Lasota, Adam"]
[Black "Rzepecka, Dorota"]
[Result "1-0"]
[WhiteElo "1875"]
[BlackElo "1892"]
[PlyCount "129"]
[EventDate "2012.04.12"]
[EventType "tourn"]
[EventRounds "1"]
[EventCountry "POL"]
[SourceDate "2012.04.11"]

1. d4 Nf6 2. Bf4 e6 3. e3 c5 4. c3 Nc6 5. Nf3 Be7 6. h3 b6 7. Be2 O-O 8. O-O
Bb7 9. a4 Rc8 10. Nbd2 Nd5 11. Bh2 cxd4 12. exd4 f5 13. Re1 Kh8 14. Bd3 g5 15.
Nc4 Nf4 16. Bxf4 gxf4 17. Qd2 Qc7 18. Nce5 Nxe5 19. dxe5 Bxf3 20. gxf3 Rg8+ 21.
Kh2 Qc5 22. Bb5 Bh4 23. Qd4 Qxd4 24. cxd4 Bxf2 25. Re2 Bg3+ 26. Kh1 Rgd8 27.
Rd1 Kg7 28. d5 Kf7 29. Ba6 Rc5 30. dxe6+ Kxe6 31. Rd6+ Ke7 32. Rd1 Bh4 33. Bb5
Rc7 34. Red2 h5 35. Rd4 Bg3 36. Bc4 Rc5 37. e6 d6 38. R1d2 Rdc8 39. b3 a6 40.
Rxd6 b5 41. Rd7+ Ke8 42. axb5 axb5 43. Be2 Re5 44. Rh7 Rc1+ 45. Kg2 Re1 46. Bf1
R1e3 47. Ra2 Bh4 48. Ra8+ Bd8 49. Rh8+ Ke7 50. Raxd8 Rxb3 51. Rhe8+ Kf6 52. Rd2
b4 53. Bc4 Rc3 54. Rf8+ Ke7 55. Rf7+ Ke8 56. Ra2 Ra3 57. Rb2 Rc3 58. Be2 b3 59.
Kf2 Rxe6 60. Rxf5 Kd7 61. Rxf4 Rc2 62. Rd4+ Kc7 63. Rc4+ Rc6 64. Rxc6+ Kxc6 65.
Rxb3 1-0

[Event "106th YMCA Spring B"]
[Site "Warszawa"]
[Date "2012.05.22"]
[Round "7"]
[White "Sujkowski, Pawel"]
[Black "Winiarski, Mikolaj"]
[Result "1/2-1/2"]
[WhiteElo "1988"]
[BlackElo "1873"]
[Annotator "M"]
[PlyCount "151"]
[EventDate "2012.04.12"]
[EventType "tourn"]
[EventRounds "1"]
[EventCountry "POL"]
[SourceDate "2012.04.11"]

1. e4 c5 2. Nf3 d6 3. Bb5+ Nd7 4. O-O a6 5. Be2 Ngf6 6. d3 g6 7. Bg5 h6 8. Bd2
Bg7 9. Qc1 e6 10. Nc3 b6 11. Ne1 Bb7 12. f4 d5 13. e5 Ng8 14. Nd1 Ne7 15. c3
Qc7 16. d4 O-O-O 17. Nf3 f6 18. exf6 Bxf6 19. Ne5 Rdg8 20. Ne3 Nf5 21. Nxf5
gxf5 22. Rf3 Nxe5 23. fxe5 Bg5 24. Rg3 cxd4 25. cxd4 Qxc1+ 26. Rxc1+ Kd7 27.
Bxg5 hxg5 28. Rgc3 Rc8 29. Rxc8 Bxc8 30. h3 Rh4 31. Rd1 Kc7 32. Bf1 a5 33. g3
Rh7 34. Kg2 Bd7 35. Be2 Be8 36. Rh1 Bg6 37. Bd3 Rh6 38. h4 gxh4 39. Rxh4 Rh5
40. Be2 Rh7 41. Rxh7+ Bxh7 42. Kf3 Kd7 43. Kf4 Ke7 44. Kg5 Kf7 45. Bh5+ Kg7 46.
Be8 Bg8 47. Bh5 Bh7 48. a4 f4 49. gxf4 Bc2 50. Be8 Bd3 51. Bb5 Bc2 52. Bc6 Bd3
53. f5 Bxf5 54. Bxd5 Kf7 55. Bb3 Be4 56. Kf4 Bc6 57. Ke3 Ke7 58. Kd3 Kd7 59.
Kc3 Ke7 60. Bc2 Kd7 61. b4 Bd5 62. Bd3 Ke7 63. Bc4 Bc6 64. Bb3 Kd7 65. Bc2 Bd5
66. Bd3 Ke7 67. Bb5 Kf7 68. Bc4 Bc6 69. bxa5 bxa5 70. Bb3 Ke7 71. Bd1 Bd5 72.
Bc2 Kd7 73. Bd3 Ke7 74. Bb5 Kf7 75. Bd7 Ke7 76. Bb5 $11 1/2-1/2

[Event "106th YMCA Spring B"]
[Site "Warszawa"]
[Date "2012.06.12"]
[Round "8"]
[White "Szymczak, Rafal"]
[Black "Winiarski, Mikolaj"]
[Result "1/2-1/2"]
[WhiteElo "2038"]
[BlackElo "1873"]
[Annotator "Admin"]
[PlyCount "29"]
[EventDate "2012.04.12"]
[EventType "tourn"]
[EventRounds "1"]
[EventCountry "POL"]
[SourceDate "2012.04.11"]

1. f4 d5 2. Nf3 Nf6 3. g3 Bg4 4. Bg2 Bxf3 5. Bxf3 c6 6. d3 Nbd7 7. e4 dxe4 8.
dxe4 e5 9. Be3 Qa5+ 10. Qd2 Bb4 11. c3 Bc5 12. b4 Bxe3 13. Qxe3 Qb6 14. Qxb6
Nxb6 15. Nd2 $11 1/2-1/2

[Event "106th YMCA Spring B"]
[Site "Warszawa"]
[Date "2012.06.07"]
[Round "8"]
[White "Rzepecka, Dorota"]
[Black "Sujkowski, Pawel"]
[Result "0-1"]
[WhiteElo "1892"]
[BlackElo "1988"]
[PlyCount "84"]
[EventDate "2012.04.12"]
[EventType "tourn"]
[EventRounds "1"]
[EventCountry "POL"]
[SourceDate "2012.04.11"]

1. e4 Nc6 2. Nf3 e5 3. Bb5 Nf6 4. d3 d6 5. h3 g6 6. Bg5 Bg7 7. Qd2 h6 8. Be3 a6
9. Ba4 Be6 10. c3 Bd7 11. Bc2 Qe7 12. a4 g5 13. g4 Nd8 14. Qe2 c5 15. Nbd2 Rb8
16. Nf1 Rc8 17. Ng3 Nc6 18. Rd1 Rc7 19. d4 cxd4 20. cxd4 Rc8 21. d5 Nb4 22. Bb3
Nxg4 23. hxg4 Bxg4 24. Nf5 Qf6 25. Bb6 Bxf5 26. exf5 Qxf5 27. Nd4 Qg6 28. Ba5
O-O 29. Bxb4 exd4 30. O-O Rfe8 31. Qg4 f5 32. Qg2 Re4 33. Rd3 Be5 34. f4 Bxf4
35. Rdf3 Be3+ 36. Kh2 Rh4+ 37. Rh3 Rg4 38. Qe2 Qe8 39. Qd3 Qe5+ 40. Kh1 Rf4 41.
Re1 Rf2 42. Rxh6 Qg3 0-1

[Event "106th YMCA Spring B"]
[Site "Warszawa"]
[Date "2012.06.14"]
[Round "8"]
[White "Parol, Pawel"]
[Black "Lasota, Adam"]
[Result "1-0"]
[WhiteElo "1951"]
[BlackElo "1875"]
[PlyCount "97"]
[EventDate "2012.04.12"]
[EventType "tourn"]
[EventRounds "1"]
[EventCountry "POL"]
[SourceDate "2012.04.11"]

1. e4 c5 2. Nf3 e6 3. c4 Nc6 4. Nc3 e5 5. d3 d6 6. Be2 Be7 7. O-O f5 8. exf5
Bxf5 9. Ne1 Nf6 10. f4 Qd7 11. Nc2 O-O 12. Ne3 Be6 13. f5 Bf7 14. Bf3 Nd4 15.
Be4 Nxe4 16. dxe4 Bg5 17. Ned5 Bxc1 18. Rxc1 Bxd5 19. Nxd5 Rf7 20. Rc3 Nc6 21.
Rh3 Nb4 22. Qh5 h6 23. Nc3 Nc6 24. Rg3 Rf6 25. Nd5 Raf8 26. Qh4 Qf7 27. Nxf6+
Qxf6 28. Qxf6 Rxf6 29. Rg6 Kf7 30. Rxf6+ Kxf6 31. Rd1 Nd4 32. Kf2 a6 33. Ke3
Ke7 34. Kd2 Nc6 35. Rc1 Nb4 36. a3 Nc6 37. Rc3 b5 38. b3 b4 39. axb4 cxb4 40.
Rg3 Kf7 41. Rg6 Nd4 42. Rxd6 Nxb3+ 43. Kc2 Nc5 44. Rd5 Nxe4 45. Rxe5 Nd6 46.
Kb3 a5 47. Rxa5 Kf6 48. Ra6 Ke5 49. Rxd6 1-0

[Event "106th YMCA Spring B"]
[Site "Warszawa"]
[Date "2012.05.29"]
[Round "8"]
[White "Rusin, Ryszard"]
[Black "Sokolowski, Marek"]
[Result "1-0"]
[WhiteElo "1897"]
[BlackElo "1933"]
[PlyCount "51"]
[EventDate "2012.04.12"]
[EventType "tourn"]
[EventRounds "1"]
[EventCountry "POL"]
[SourceDate "2012.04.11"]

1. d4 Nf6 2. c4 g6 3. Nc3 Bg7 4. e4 d6 5. Nf3 O-O 6. Be2 c5 7. d5 e6 8. O-O
exd5 9. exd5 Bg4 10. h3 Bxf3 11. Bxf3 Na6 12. Bf4 Nc7 13. Qd2 a6 14. a4 b6 15.
Rfe1 Qd7 16. Bg3 Rfe8 17. Qf4 Rad8 18. Bh4 Rxe1+ 19. Rxe1 Re8 20. Rd1 Re5 21.
Bxf6 Rf5 22. Qg3 Rxf6 23. Ne4 Rf5 24. Bg4 Qxa4 25. b3 Qe8 26. Bxf5 1-0

[Event "106th YMCA Spring B"]
[Site "Warszawa"]
[Date "2012.04.25"]
[Round "8"]
[White "Rozycki, Bartlomiej"]
[Black "Pettersson, Alexander"]
[Result "0-1"]
[WhiteElo "1849"]
[BlackElo "1975"]
[PlyCount "92"]
[EventDate "2012.04.12"]
[EventType "tourn"]
[EventRounds "1"]
[EventCountry "POL"]
[SourceDate "2012.04.11"]

1. e4 c6 2. d4 d5 3. Nc3 dxe4 4. Nxe4 Nd7 5. Bc4 Ngf6 6. Ng5 e6 7. Qe2 Nb6 8.
Bd3 h6 9. N5f3 c5 10. dxc5 Bxc5 11. Ne5 Nbd7 12. Ngf3 Qc7 13. Bf4 Bb4+ 14. Kf1
Nxe5 15. Bxe5 Bd6 16. Bxd6 Qxd6 17. Rd1 Qc7 18. Bb5+ Bd7 19. Ne5 Bc6 20. Qc4
O-O 21. Nxc6 bxc6 22. g3 Rab8 23. Ba4 c5 24. Bb3 Qc6 25. Ke2 Rb4 26. Qc3 Ne4
27. Qf3 c4 28. c3 Rbb8 29. Bc2 Rxb2 30. Rd2 f5 31. Bxe4 Rxd2+ 32. Kxd2 fxe4 33.
Qe3 Rd8+ 34. Kc1 Rd3 35. Qxa7 Rxc3+ 36. Kb2 Rd3 37. Qb8+ Kh7 38. Rc1 c3+ 39.
Kb1 Rd2 40. Rc2 Rd1+ 41. Rc1 Rd2 42. Rc2 Rd1+ 43. Rc1 Rxc1+ 44. Kxc1 Qc4 45.
Qe5 Qd3 46. Qf4 Qe2 0-1

[Event "106th YMCA Spring B"]
[Site "Warszawa"]
[Date "2012.06.15"]
[Round "9"]
[White "Pettersson, Alexander"]
[Black "Szymczak, Rafal"]
[Result "1/2-1/2"]
[WhiteElo "1975"]
[BlackElo "2038"]
[Annotator "Admin"]
[PlyCount "78"]
[EventDate "2012.04.12"]
[EventType "tourn"]
[EventRounds "1"]
[EventCountry "POL"]
[SourceDate "2012.04.11"]

1. d4 Nf6 2. Nf3 g6 3. Nc3 d5 4. Bf4 c6 5. e3 Bg7 6. Be2 Nbd7 7. Ne5 Ne4 8.
Nxe4 dxe4 9. Nxd7 Bxd7 10. O-O O-O $11 11. c3 Kh8 12. Qb3 Qb6 13. Bc4 Qxb3 14.
Bxb3 e6 15. a4 h6 16. h4 Kh7 17. a5 b5 18. axb6 axb6 19. Bc2 f5 20. Bc7 b5 21.
Be5 Rfc8 22. Bxg7 Kxg7 $11 23. Rfd1 Kf6 24. Kf1 Be8 25. Rdc1 g5 26. hxg5+ hxg5
27. Bd1 g4 28. g3 Ke7 29. Be2 Kd6 30. Ke1 Bd7 31. Kd2 Rxa1 32. Rxa1 Rh8 33. Ra7
Rh1 34. Bd1 Rh2 35. Ke2 Rh1 36. b3 Rh8 37. c4 Rb8 38. c5+ Ke7 39. b4 Kd8 $11
1/2-1/2

[Event "106th YMCA Spring B"]
[Site "Warszawa"]
[Date "2012.06.07"]
[Round "9"]
[White "Sokolowski, Marek"]
[Black "Litwiniec, Miroslawa"]
[Result "1-0"]
[WhiteElo "1933"]
[BlackElo "1863"]
[PlyCount "91"]
[EventDate "2012.04.12"]
[EventType "tourn"]
[EventRounds "1"]
[EventCountry "POL"]
[SourceDate "2012.04.11"]

1. e4 e5 2. Nf3 Nc6 3. Bb5 Nf6 4. O-O d6 5. Re1 Be7 6. c3 O-O 7. d4 Bg4 8. Bxc6
bxc6 9. dxe5 Bxf3 10. Qxf3 dxe5 11. Rd1 Qc8 12. Be3 Qg4 13. Nd2 Rfd8 14. Qxg4
Nxg4 15. Nc4 Nxe3 16. Nxe3 f6 17. Nc4 Rxd1+ 18. Rxd1 Rd8 19. Rxd8+ Bxd8 20. Na5
Kf7 21. Nxc6 Ke8 22. Nxa7 Kd7 23. Nb5 Kc6 24. Na3 Be7 25. Nc4 Bc5 26. Kf1 Kb5
27. b3 Ba7 28. Ke2 Bc5 29. a4+ Kc6 30. b4 Be7 31. g3 Kb7 32. Kd3 c6 33. f4 exf4
34. gxf4 Kc7 35. e5 f5 36. Nd6 g6 37. c4 Kd7 38. a5 Kc7 39. c5 Bh4 40. e6 Be7
41. a6 Kb8 42. a7+ Kxa7 43. Nc8+ Kb7 44. Nxe7 Kc7 45. Kd4 Kb7 46. Ke5 1-0

[Event "106th YMCA Spring B"]
[Site "Warszawa"]
[Date "2012.06.07"]
[Round "9"]
[White "Lasota, Adam"]
[Black "Rusin, Ryszard"]
[Result "0-1"]
[WhiteElo "1875"]
[BlackElo "1897"]
[PlyCount "68"]
[EventDate "2012.04.12"]
[EventType "tourn"]
[EventRounds "1"]
[EventCountry "POL"]
[SourceDate "2012.04.11"]

1. d4 e6 2. Bf4 Nf6 3. e3 d5 4. c3 Be7 5. Bd3 b6 6. Nd2 O-O 7. Ngf3 c5 8. Ne5
Bb7 9. Qf3 Nbd7 10. Qh3 g6 11. Ndf3 Nxe5 12. dxe5 Ne4 13. Bh6 c4 14. Bxe4 dxe4
15. Bxf8 exf3 16. Bxe7 fxg2 17. Rg1 Qxe7 18. O-O-O b5 19. Rd4 b4 20. Rxc4 bxc3
21. Rxc3 Qd7 22. f3 Qd5 23. e4 Qxa2 24. Qxg2 Qa1+ 25. Kc2 Qa5 26. Qg5 Rb8 27.
h4 Ba6 28. Qe7 Qb6 29. Rb1 Qf2+ 30. Kc1 Qe1+ 31. Kc2 Qe2+ 32. Kc1 Bd3 33. Rxd3
Qxd3 34. Qc7 Rd8 0-1

[Event "106th YMCA Spring B"]
[Site "Warszawa"]
[Date "2012.06.20"]
[Round "9"]
[White "Sujkowski, Pawel"]
[Black "Parol, Pawel"]
[Result "0-1"]
[WhiteElo "1988"]
[BlackElo "1951"]
[Annotator "Admin"]
[PlyCount "84"]
[EventDate "2012.04.12"]
[EventType "tourn"]
[EventRounds "1"]
[EventCountry "POL"]
[SourceDate "2012.04.11"]

1. e4 e6 2. d4 d5 3. Nc3 Nf6 4. e5 Nfd7 5. f4 c5 6. Nf3 Nc6 7. Be3 a6 8. Qd2
cxd4 9. Nxd4 Bc5 10. O-O-O O-O 11. Qf2 Nxd4 12. Bxd4 Qc7 13. Bd3 Bxd4 14. Qxd4
b5 15. Rde1 Qc5 16. Ne2 b4 17. f5 Qxd4 18. Nxd4 Nc5 19. g4 a5 20. Rhf1 Ba6 21.
Rf3 Rfc8 22. Kd2 Bc4 23. b3 Ba6 24. h4 a4 25. h5 Rc7 26. h6 g6 27. Ke3 exf5 28.
gxf5 Re8 29. Kd2 Ne4+ 30. Bxe4 dxe4 31. Rf4 Bb7 32. e6 Rd8 33. exf7+ Rxf7 34.
Ke3 Rc7 35. Rd1 Rc3+ 36. Ke2 Ba6+ 37. Kf2 Rxc2+ 38. Nxc2 Rxd1 39. Nxb4 axb3 40.
axb3 Bb7 41. Rg4 Rd4 42. fxg6 Rxb4 $138 0-1

[Event "106th YMCA Spring B"]
[Site "Warszawa"]
[Date "2012.06.14"]
[Round "9"]
[White "Winiarski, Mikolaj"]
[Black "Rzepecka, Dorota"]
[Result "1-0"]
[WhiteElo "1873"]
[BlackElo "1892"]
[PlyCount "105"]
[EventDate "2012.04.12"]
[EventType "tourn"]
[EventRounds "1"]
[EventCountry "POL"]
[SourceDate "2012.04.11"]

1. e4 e6 2. d4 d5 3. Nc3 dxe4 4. Nxe4 b6 5. Bb5+ Bd7 6. Qe2 Bxb5 7. Qxb5+ Qd7
8. Qxd7+ Nxd7 9. Bf4 Ngf6 10. Nxf6+ Nxf6 11. O-O-O c5 12. Nf3 cxd4 13. Nxd4 Bc5
14. f3 O-O 15. Nb3 Be7 16. a4 Rac8 17. a5 Nd5 18. Bd2 Rc4 19. Kb1 Rfc8 20. axb6
axb6 21. c3 h6 22. Nd4 b5 23. Nc2 Ra4 24. g3 Rca8 25. Rhe1 Bf6 26. Re4 Rxe4 27.
fxe4 Nb6 28. Na3 Na4 29. Kc2 b4 30. Nc4 bxc3 31. bxc3 Rc8 32. e5 Rxc4 33. exf6
Nc5 34. fxg7 Kxg7 35. Be3 Kg6 36. Rd8 Ne4 37. Kd3 Ra4 38. Rh8 Ng5 39. h4 Nh7
40. Rg8+ Kh5 41. Rg7 Nf6 42. Rxf7 Nd5 43. Bd4 Ra2 44. Rg7 Rg2 45. c4 Nb4+ 46.
Ke4 Nc6 47. Be3 Rc2 48. Kd3 Rg2 49. Bd4 e5 50. Be3 Ra2 51. Ke4 Rc2 52. c5 Rc3
53. Bf2 1-0

[Event "106th YMCA Spring B"]
[Site "Warszawa"]
[Date "2012.06.13"]
[Round "10"]
[White "Szymczak, Rafal"]
[Black "Rzepecka, Dorota"]
[Result "1/2-1/2"]
[WhiteElo "2038"]
[BlackElo "1892"]
[PlyCount "90"]
[EventDate "2012.04.12"]
[EventType "tourn"]
[EventRounds "1"]
[EventCountry "POL"]
[SourceDate "2012.04.11"]

1. f4 Nf6 2. Nf3 b6 3. g3 Bb7 4. Bg2 e6 5. O-O Be7 6. d3 d5 7. Ne5 Nbd7 8. Nxd7
Qxd7 9. c3 O-O 10. Qc2 Rfd8 11. Nd2 c5 12. Nf3 Qc7 13. Bd2 Rac8 14. Rfe1 b5 15.
e4 dxe4 16. dxe4 c4 17. h3 Rd3 18. Ne5 Qb6+ 19. Kh2 Rcd8 20. Nxd3 Rxd3 21. Re2
Bxe4 22. Bxe4 Nxe4 23. Be1 f5 24. Bf2 Qd6 25. Rg1 e5 26. fxe5 Qxe5 27. Qc1 Rf3
28. Qe1 a5 29. Re3 Rxf2+ 30. Qxf2 Bc5 31. Qe2 h5 32. h4 Bxe3 33. Qxe3 b4 34.
Qd4 Qb5 35. cxb4 axb4 36. Re1 c3 37. b3 Kh7 38. Kg2 Qa6 39. Rxe4 fxe4 40. Qxe4+
Qg6 41. Qxb4 Qd3 42. Qc5 c2 43. Qxh5+ Kg8 44. Qe8+ Kh7 45. Qh5+ Kg8 1/2-1/2